书目信息 |
| 题名: |
水产品冷藏加工
|
|
| 作者: | 沈月新 编著 | |
| 分册: | ||
| 出版信息: | 北京 中国轻工业出版社 1996 |
|
| 页数: | 213页 | |
| 开本: | 19cm | |
| 丛书名: | 全国“星火计划”丛书 | |
| 单 册: | ||
| 中图分类: | S983.02 | |
| 科图分类: | ||
| 主题词: | 水产品--冷藏 | |
| 电子资源: | ||
| ISBN: | 7-5019-1888-0 | |
| 000 | 00721nam2 2200253 450 | |
| 001 | 0100609297 | |
| 005 | 20101206135133.0 | |
| 010 | @a7-5019-1888-0@dCNY14.00 | |
| 011 | @a7-5019-1888-0 | |
| 100 | @a20021005d1996 em y0chiy0110 ea | |
| 101 | 0 | @achi |
| 102 | @aCN@b110000 | |
| 105 | @ay z 000yy | |
| 106 | @ar | |
| 200 | 1 | @a水产品冷藏加工@9Shui Chan Pin Leng Cang;Zang Jia Gong @f沈月新编著@b专著 |
| 210 | @a北京@c中国轻工业出版社@d1996 | |
| 215 | @a213页@d19cm | |
| 225 | 2 | @a全国“星火计划”丛书 |
| 410 | 0 | @12001 @a全国星火计划丛书 |
| 606 | 0 | @a水产品@x冷藏 |
| 690 | @aS983.02@v3 | |
| 701 | 0 | @a沈月新@9shen yue xin@4编著 |
| 801 | 0 | @aCN@bAiZhiMarc@c19960820 |
| 905 | @aBZT@dS983.02@e1@f20@sS983.02/1 | |
| 水产品冷藏加工/沈月新编著.-北京:中国轻工业出版社,1996 |
| 213页;19cm.-(全国“星火计划”丛书) |
| ISBN 7-5019-1888-0:CNY14.00 |
| ● |
| 相关链接 |
|
|
|
正题名:水产品冷藏加工
索取号:S983.02/1
 
预约/预借
| 序号 | 登录号 | 条形码 | 馆藏地/架位号 | 状态 | 备注 |
| 1 | 2000137447 | 2000137447 | 旧书回溯/ [索取号:S983.02/1] | 在馆 | |
| 2 | 2000137448 | 2000137448 | 旧书回溯/ [索取号:S983.02/1] | 在馆 | |
| 3 | 2000137449 | 2000137449 | 旧书回溯/ [索取号:S983.02/1] | 在馆 | |
| 4 | 2000137450 | 2000137450 | 旧书回溯/ [索取号:S983.02/1] | 在馆 | |
| 5 | 2000137451 | 2000137451 | 旧书回溯/ [索取号:S983.02/1] | 在馆 | |
| 6 | 2000137452 | 2000137452 | 旧书回溯/ [索取号:S983.02/1] | 在馆 | |
| 7 | 2000137453 | 2000137453 | 旧书回溯/ [索取号:S983.02/1] | 在馆 | |
| 8 | 2000137454 | 2000137454 | 旧书回溯/ [索取号:S983.02/1] | 在馆 | |
| 9 | 2000137455 | 2000137455 | 旧书回溯/ [索取号:S983.02/1] | 在馆 | |
| 10 | 2000137456 | 2000137456 | 旧书回溯/ [索取号:S983.02/1] | 在馆 | |
| 11 | 2000137457 | 2000137457 | 旧书回溯/ [索取号:S983.02/1] | 在馆 | |
| 12 | 2000137458 | 2000137458 | 旧书回溯/ [索取号:S983.02/1] | 在馆 | |
| 13 | 2000137459 | 2000137459 | 旧书回溯/ [索取号:S983.02/1] | 在馆 | |
| 14 | 2000137460 | 2000137460 | 旧书回溯/ [索取号:S983.02/1] | 在馆 | |
| 15 | 2000137461 | 2000137461 | 旧书回溯/ [索取号:S983.02/1] | 在馆 | |
| 16 | 2000137462 | 2000137462 | 旧书回溯/ [索取号:S983.02/1] | 在馆 | |
| 17 | 2000137463 | 2000137463 | 旧书回溯/ [索取号:S983.02/1] | 在馆 | |
| 18 | 2000137464 | 2000137464 | 旧书回溯/ [索取号:S983.02/1] | 在馆 | |
| 19 | 2000137465 | 2000137465 | 旧书回溯/ [索取号:S983.02/1] | 在馆 | |
| 20 | 2000137466 | 2000137466 | 旧书回溯/ [索取号:S983.02/1] | 在馆 |